Маршал Советского Союза К. К. Рокоссовский беседует с жителями г. Люблина

RUSMARC
00004500ckm0a2200313#x 450
0016ac4f21a-6ca3-4adc-b427-30a81a43d5a6
00520240304113023.0
100##$a20240228j19440822k###0rusy50 ca
1010#$arus
102##$aRU
116##$afiybxx####zz####zz
1220#$ad19440822##
2001#$aМаршал Советского Союза К. К. Рокоссовский беседует с жителями г. Люблина
$j22 августа 1944 г.
251##$cДокумент
300##$aФотография
300##$aФотограф А. Архипов
600#1$2nlr_sh1
$3RU\NLR\AUTH\66995529
$aРокоссовский
$gКонстантин Ксавериевич
$bК.К.
$f1896 - 1968
$jФотографии
605##$2prlib_sh
$3LIBNET\UAF\0000088514
$aВторая мировая война в архивных документах (Комплекс оцифрованных архивных документов, кино- и фотоматериалов)
$lколлекция
6061#$2nlr_sh1
$3RU\NLR\AUTH\66177002
$aВеликая Отечественная война
$z1941 - 1945
$xОсвобождение населенных пунктов
$yПольша
$jФотографии
607##$aЛюблин, город (Польша)
$xОсвобождение Красной Армией
$z1944
$jФотографии
$2prlib_sh
608##$2prlib_sh
$3LIBNET\UAF\0000110286
$aДокументальные фотографии
$z1944
617##$aПольша
$2prlib_sh
686##$a63.3(4Пол)62я611
$vLBC/M
$2rubbk
686##$a63.3(2)622,13я611
$vLBC/M
$2rubbk
801#0$aRU
$bПБ им. Б.Н. Ельцина
$c20240228
801#1$aRU
$bПБ им. Б.Н. Ельцина
$c20240228
$2rusmarc
801#2$aRU
$bПБ им. Б.Н. Ельцина
$c20240304
$2rusmarc
850##$aРоссийский государственный архив кинофотодокументов
852##$aРГАКФД
$jАрх. № 0-261101а
035##$aLIBNET\0001383722
937##$d191147473
$hФедеральное архивное агентство
8564#$uhttp://readingroom.main.prlib.ru/item.aspx?id_node=n191147473&mode=full
Формат отображения